[Event "XVIII Festival B"]
[Site "Porto San Giorgio ITA"]
[Date "2006.08.29"]
[Round "9"]
[White "Cavatassi, Alessio"]
[Black "Parrini, Daniele"]
[Result "1/2-1/2"]
[WhiteElo "1853"]
[BlackElo "1933"]
[PlyCount "112"]
[EventDate "2006.08.21"]

1. d4 Nf6 2. c4 g6 3. Nc3 d5 4. cxd5 Nxd5 5. e4 Nxc3 6. bxc3 Bg7 7. Bc4 c5 8.
Ne2 Nc6 9. Be3 O-O 10. O-O Qc7 11. Bd5 e6 12. Bxc6 Qxc6 13. f3 b6 14. Rc1 Bb7
15. Qd2 f5 16. e5 Rfd8 17. Bg5 Rd7 18. Qe3 c4 19. Rb1 b5 20. Rb2 a5 21. Rfb1
Ba6 22. a4 Rb7 23. axb5 Rxb5 24. Rxb5 Bxb5 25. Be7 Ba4 26. Qc1 Bb3 27. Bd6 Qe8
28. Ra1 h6 29. Qe1 g5 30. Nc1 a4 31. Ne2 Bf8 32. Ba3 Rb8 33. Qc1 Bxa3 34. Rxa3
Kf7 35. Ra1 Qe7 36. Qb2 Ra8 37. Ra3 Ra7 38. Nc1 Kg6 39. Na2 Rd7 40. h3 Rb7 41.
Kh2 h5 42. Nc1 g4 43. Ra1 Qh4 44. Qd2 gxh3 45. gxh3 Rg7 46. Nxb3 cxb3 47. Rg1+
Kf7 48. Rxg7+ Kxg7 49. d5 exd5 50. Qxd5 Qe7 51. f4 b2 52. Qg2+ Kf7 53. Qxb2 a3
54. Qb3+ Kf8 55. Qb1 Qf7 56. Qb4+ Qe7 1/2-1/2

[Event "XVIII Festival B"]
[Site "Porto San Giorgio ITA"]
[Date "2006.08.29"]
[Round "9"]
[White "Marino, Marco"]
[Black "Tortolini, Francesco"]
[Result "0-1"]
[WhiteElo "1869"]
[BlackElo "1830"]
[PlyCount "44"]
[EventDate "2006.08.21"]

1. e4 d5 2. exd5 Qxd5 3. Nc3 Qa5 4. d4 Nf6 5. Bc4 Nc6 6. Nge2 Bf5 7. O-O e6 8.
Bb5 Bd6 9. d5 O-O-O 10. Bxc6 bxc6 11. Nd4 Nxd5 12. Nxc6 Nxc3 13. Qe1 Qa6 14.
Qxc3 Bxh2+ 15. Kxh2 Qxf1 16. Nxa7+ Kb8 17. Be3 Qa6 18. a4 Rd5 19. Ra3 Qd6+ 20.
g3 Be4 21. Rb3+ Ka8 22. Nb5 Rh5+ 0-1

[Event "XVIII Festival B"]
[Site "Porto San Giorgio ITA"]
[Date "2006.08.29"]
[Round "9"]
[White "Stoyko, Maksym"]
[Black "Voicu, Joan Paul"]
[Result "1/2-1/2"]
[WhiteElo "1978"]
[BlackElo "1876"]
[PlyCount "42"]
[EventDate "2006.08.21"]

1. d4 d5 2. c4 e6 3. cxd5 exd5 4. Nc3 Be7 5. Bf4 c6 6. e3 Nf6 7. Bd3 Nbd7 8. h3
Nf8 9. Nf3 Ne6 10. Be5 Nd7 11. Bh2 O-O 12. Qc2 g6 13. O-O f5 14. Ne5 f4 15.
exf4 Nxd4 16. Qd2 Nxe5 17. fxe5 Bxh3 18. Bxg6 Nf3+ 19. gxf3 Bxf1 20. Qh6 hxg6
21. Qxg6+ Kh8 1/2-1/2

[Event "XVIII Festival C"]
[Site "Porto San Giorgio ITA"]
[Date "2006.08.21"]
[Round "1"]
[White "Joosten, Tomas"]
[Black "Pieroni, Giacinto"]
[Result "1-0"]
[WhiteElo "1593"]
[BlackElo "1470"]
[PlyCount "72"]
[EventDate "2006.08.21"]

1. d4 d5 2. c4 c6 3. Nc3 e6 4. Nf3 Be7 5. Bf4 h6 6. e3 Nf6 7. Qc2 Bd6 8. Bxd6
Qxd6 9. Be2 a6 10. c5 Qe7 11. O-O Nbd7 12. b4 Nf8 13. Ne5 Ng6 14. Nxg6 fxg6 15.
Qxg6+ Qf7 16. Qxf7+ Kxf7 17. a4 Rb8 18. b5 Nd7 19. Rab1 Ke7 20. Rb2 a5 21. Rfb1
b6 22. bxc6 Nf6 23. cxb6 Kd6 24. b7 Kc7 25. bxc8=Q+ Rhxc8 26. Nb5+ Kxc6 27.
Na7+ Kc7 28. Nxc8 Rxc8 29. Rc1+ Kd8 30. Rxc8+ Kxc8 31. Rb5 Ne4 32. Rxa5 Kc7 33.
Ra7+ Kb6 34. Rxg7 Nc3 35. Bb5 Nxb5 36. axb5 Kxb5 1-0

[Event "XVIII Festival C"]
[Site "Porto San Giorgio ITA"]
[Date "2006.08.21"]
[Round "1"]
[White "Santini, Mauro"]
[Black "Larghi, Roberto"]
[Result "1/2-1/2"]
[WhiteElo "1599"]
[BlackElo "1473"]
[PlyCount "67"]
[EventDate "2006.08.21"]

1. d4 d5 2. c4 e6 3. Nc3 Nf6 4. cxd5 exd5 5. Bg5 Be6 6. Qc2 Be7 7. e3 O-O 8.
Bd3 h6 9. Bh4 b6 10. Nge2 Nbd7 11. O-O c5 12. Bf5 Bxf5 13. Qxf5 g6 14. Qc2 Kg7
15. Rfd1 Rc8 16. Rac1 Qc7 17. Bg3 Qc6 18. Qb1 Rfd8 19. dxc5 bxc5 20. b4 Nb6 21.
bxc5 Bxc5 22. Nd4 Bxd4 23. Rxd4 Ne4 24. Ne2 Nc4 25. Qa1 Kh7 26. Rcd1 Rd7 27.
Nf4 Rcd8 28. Nd3 Nxg3 29. hxg3 f6 30. Nf4 f5 31. Nd3 Qb6 32. Nf4 Qc6 33. Nd3
Qb6 34. Nf4 1/2-1/2

[Event "XVIII Festival C"]
[Site "Porto San Giorgio ITA"]
[Date "2006.08.23"]
[Round "3"]
[White "Marcugini, Stefano"]
[Black "Cocciaro, Bruno"]
[Result "1-0"]
[WhiteElo "1578"]
[BlackElo "1482"]
[PlyCount "87"]
[EventDate "2006.08.21"]

1. e4 e5 2. Nf3 Nc6 3. Bb5 a6 4. Ba4 Nf6 5. O-O b5 6. Bb3 Be7 7. Re1 d6 8. c3
Bg4 9. d4 Bxf3 10. gxf3 Na5 11. Bc2 c5 12. Kh1 Qd7 13. dxc5 dxc5 14. Qxd7+ Nxd7
15. Nd2 O-O 16. Nf1 h6 17. Ne3 Bg5 18. Nf5 Nc6 19. Rg1 f6 20. h4 Bxc1 21. Raxc1
g5 22. Nxh6+ Kh7 23. Nf5 Rg8 24. hxg5 Rxg5 25. Rxg5 fxg5 26. Kg2 Rh8 27. Rh1+
Kg8 28. Rxh8+ Kxh8 29. Kg3 Kh7 30. Kg4 Kg6 31. Bd3 Nf6+ 32. Kg3 Nh5+ 33. Kh2
Nf4 34. Bf1 c4 35. Ne3 Nd3 36. Bxd3 cxd3 37. Kg2 Nd8 38. Kf1 a5 39. Ke1 Ne6 40.
Ng4 Nf4 41. Kd2 b4 42. Nxe5+ Kf6 43. Nxd3 bxc3+ 44. Kxc3 1-0

[Event "XVIII Festival C"]
[Site "Porto San Giorgio ITA"]
[Date "2006.08.25"]
[Round "5"]
[White "Egidi, Daniele"]
[Black "Viotti, Alberto"]
[Result "1-0"]
[WhiteElo "1332"]
[BlackElo "1520"]
[PlyCount "67"]
[EventDate "2006.08.21"]

1. d4 Nf6 2. c4 e6 3. Nc3 Bb4 4. Bd2 O-O 5. Nf3 b6 6. g3 Bb7 7. Bg2 d6 8. O-O
Nbd7 9. a3 Bxc3 10. Bxc3 Rb8 11. b4 Ba6 12. b5 Bb7 13. Bd2 a6 14. a4 c6 15. Bg5
cxb5 16. axb5 a5 17. Re1 h6 18. Bf4 e5 19. dxe5 Bxf3 20. exf6 Bxg2 21. fxg7
Kxg7 22. Kxg2 Rc8 23. Qxd6 Nf6 24. Qxd8 Rfxd8 25. Red1 Nd7 26. Rd6 Rxc4 27.
Bxh6+ Kg8 28. Rad1 a4 29. Rxb6 Nxb6 30. Rxd8+ Kh7 31. Rd6 a3 32. Bf4 a2 33. Be5
Rc1 34. Rxb6 1-0

[Event "XVIII Festival C"]
[Site "Porto San Giorgio ITA"]
[Date "2006.08.25"]
[Round "5"]
[White "Piantieri, Guido"]
[Black "Taccia, Maurizio"]
[Result "1/2-1/2"]
[WhiteElo "1554"]
[BlackElo "1541"]
[PlyCount "129"]
[EventDate "2006.08.21"]

1. d4 e6 2. c4 d5 3. Nf3 Nf6 4. Nc3 c6 5. e3 Bd6 6. c5 Bc7 7. Bd3 Nbd7 8. b4
O-O 9. O-O Re8 10. e4 dxe4 11. Nxe4 Nxe4 12. Bxe4 Nf6 13. Bd3 h6 14. Bb2 Nd5
15. a3 Nf4 16. Be4 Rb8 17. Ne5 Bxe5 18. dxe5 Nd5 19. Qg4 f5 20. exf6 Nxf6 21.
Qg3 Bd7 22. Bg6 Re7 23. Be5 Rc8 24. Bd6 Ne8 25. Bxe7 Qxe7 26. Rad1 Nf6 27. Rfe1
Qf8 28. Qd6 Rd8 29. Rxe6 Nd5 30. Qxf8+ Rxf8 31. Rd6 Be8 32. Bxe8 Rxe8 33. Kf1
Re7 34. Re1 Rf7 35. b5 Nf4 36. bxc6 bxc6 37. Rxc6 Nd3 38. Re2 Rb7 39. g3 Rb1+
40. Kg2 Ne1+ 41. Kh3 Nf3 42. Rc8+ Kh7 43. c6 Ng1+ 44. Kg2 Nxe2 45. c7 Rc1 46.
Re8 Nf4+ 47. Kf3 Rxc7 48. Kxf4 Rc2 49. Kf3 Ra2 50. Re3 Kg6 51. h4 Kf6 52. Kg2
Kg6 53. Kf3 Kf6 54. Rd3 Kg6 55. Ke3 Kf5 56. Rd5+ Kg4 57. Rd4+ Kh3 58. Ra4 Kg2
59. Rxa7 Rxf2 60. Rxg7 Rf3+ 61. Ke4 Rxa3 62. h5 Ra4+ 63. Kf5 Ra5+ 64. Kg6 Kxg3
65. Kxh6+ 1/2-1/2

[Event "XVIII Festival C"]
[Site "Porto San Giorgio ITA"]
[Date "2006.08.26"]
[Round "6"]
[White "Galasso, Luciano"]
[Black "Marcugini, Stefano"]
[Result "1-0"]
[WhiteElo "1473"]
[BlackElo "1578"]
[PlyCount "65"]
[EventDate "2006.08.21"]

1. d4 Nf6 2. Nf3 g6 3. c4 Bg7 4. Nc3 O-O 5. e4 d6 6. Bd3 e5 7. d5 a5 8. O-O Na6
9. a3 Nc5 10. Be3 a4 11. Bc2 Bd7 12. Nxe5 Nfxe4 13. Nxe4 Bxe5 14. Nxc5 dxc5 15.
Bxc5 Re8 16. f4 Bxb2 17. Bd4 Bxa1 18. Qxa1 Rf8 19. Bf6 Qc8 20. Qe5 Ra6 21. f5
Qe8 22. Be7 f6 23. fxg6 hxg6 24. Qe3 Rf7 25. Bxg6 Qxe7 26. Bxf7+ Qxf7 27. Qg3+
Qg7 28. Qxc7 Ra8 29. Rf3 Rc8 30. Qf4 Kf7 31. Qd6 Qg4 32. Qxf6+ Ke8 33. Qf8# 1-0

[Event "XVIII Festival C"]
[Site "Porto San Giorgio ITA"]
[Date "2006.08.27"]
[Round "7"]
[White "Ragnini, Damiano"]
[Black "Marsili, Riccardo"]
[Result "1/2-1/2"]
[WhiteElo "1571"]
[BlackElo "1596"]
[PlyCount "59"]
[EventDate "2006.08.21"]

1. e4 d5 2. exd5 Qxd5 3. Nc3 Qa5 4. d4 c6 5. Bd2 Nf6 6. Nf3 Bf5 7. Ne4 Qc7 8.
Nxf6+ gxf6 9. Bc4 Nd7 10. Nh4 Bg6 11. Nxg6 hxg6 12. g3 Bh6 13. Bxh6 Rxh6 14.
Qd2 Rh7 15. O-O-O O-O-O 16. f4 Nb6 17. Bb3 e5 18. fxe5 fxe5 19. Qf2 e4 20. Qe3
f5 21. c4 Kb8 22. Kb1 Rhd7 23. Rd2 c5 24. d5 Rd6 25. h4 Rh8 26. Rdh2 Rh5 27.
Rg2 Rh7 28. Rgh2 Nd7 29. Rd2 Ne5 30. Qf4 1/2-1/2

[Event "XVIII Festival C"]
[Site "Porto San Giorgio ITA"]
[Date "2006.08.27"]
[Round "7"]
[White "Santini, Mauro"]
[Black "Miconi, Francesco"]
[Result "1/2-1/2"]
[WhiteElo "1599"]
[BlackElo "1509"]
[PlyCount "40"]
[EventDate "2006.08.21"]

1. d4 Nf6 2. c4 g6 3. Nc3 Bg7 4. e4 d6 5. Nge2 O-O 6. Ng3 Nbd7 7. Be2 e5 8. d5
a5 9. h4 Nc5 10. h5 c6 11. hxg6 fxg6 12. Bh6 Rf7 13. Bxg7 Kxg7 14. Qd2 cxd5 15.
cxd5 Bd7 16. Qg5 Kf8 17. f3 Rc8 18. Rc1 Na4 19. Nxa4 Rxc1+ 20. Qxc1 Bxa4
1/2-1/2

[Event "XVIII Festival C"]
[Site "Porto San Giorgio ITA"]
[Date "2006.08.29"]
[Round "9"]
[White "Prutovoy, Alexey"]
[Black "Marsili, Riccardo"]
[Result "1-0"]
[WhiteElo "1580"]
[BlackElo "1596"]
[PlyCount "117"]
[EventDate "2006.08.21"]

1. e4 d5 2. exd5 Qxd5 3. Nc3 Qa5 4. d4 c6 5. Bc4 Bf5 6. Nge2 Nf6 7. Ng3 Bg6 8.
O-O e6 9. Re1 Be7 10. Nce4 O-O 11. c3 Nbd7 12. Bf4 Nxe4 13. Nxe4 Bxe4 14. Rxe4
Nf6 15. Re3 Nd5 16. Bxd5 cxd5 17. Qg4 Bf6 18. Bh6 Qd8 19. Rg3 g6 20. Bxf8 Qxf8
21. Qf4 Bg7 22. Rf3 Qe7 23. Re1 Rf8 24. Rh3 Qf6 25. Qxf6 Bxf6 26. f4 b5 27. g4
Bg7 28. g5 a5 29. a3 Rc8 30. Kf2 Bf8 31. Ree3 Bd6 32. Kf3 Rc7 33. Rg3 a4 34. h4
Kg7 35. Rh3 h5 36. gxh6+ Kxh6 37. Re1 Kg7 38. h5 gxh5 39. Rxh5 Kg6 40. Rg5+ Kf6
41. Rg8 Rb7 42. Reg1 Ke7 43. Rh8 Rd7 44. Rgg8 Bc7 45. Ra8 Kd6 46. Ra6+ Ke7 47.
Ra7 Kd6 48. Rha8 Kc6 49. Kg4 Kb6 50. Ra6+ Kb7 51. R8a7+ Kb8 52. Ra5 f5+ 53. Kf3
Re7 54. R5a6 Rg7 55. Rxc7 Kxc7 56. Ra7+ Kd6 57. Rxg7 Kc6 58. Kg3 Kd6 59. Kh4
1-0

[Event "XVIII Festival C"]
[Site "Porto San Giorgio ITA"]
[Date "2006.08.29"]
[Round "9"]
[White "Taccia, Maurizio"]
[Black "Brozzi, Silvio"]
[Result "0-1"]
[WhiteElo "1541"]
[BlackElo "1551"]
[PlyCount "128"]
[EventDate "2006.08.21"]

1. d4 d5 2. Nf3 Nc6 3. e3 a6 4. c3 Nf6 5. Bd3 Bg4 6. Nbd2 e5 7. dxe5 Nxe5 8.
Be2 Nxf3+ 9. Nxf3 Be7 10. Qb3 Bc8 11. O-O O-O 12. c4 Bd6 13. cxd5 Nxd5 14. Rd1
Nb6 15. Qc2 Qf6 16. Rb1 Bf5 17. Bd3 Bxd3 18. Rxd3 Nd7 19. b3 Ne5 20. Nxe5 Qxe5
21. g3 Rad8 22. Bb2 Qc5 23. Qc3 Qxc3 24. Bxc3 Rfe8 25. Rbd1 Be7 26. Ba5 Rxd3
27. Rxd3 Bd6 28. Bc3 Rd8 29. Kg2 f6 30. f4 Kf7 31. Kf3 Ke7 32. h3 Bc5 33. Rxd8
Kxd8 34. Bd4 Bd6 35. Ke4 Ke7 36. g4 Ke6 37. f5+ Ke7 38. Kd5 c6+ 39. Ke4 h6 40.
Kd3 Ba3 41. Kc4 b5+ 42. Kd3 c5 43. Bc3 Kd6 44. Be1 Kd5 45. e4+ Kc6 46. Bc3 Bb4
47. Bb2 Kd6 48. e5+ Ke7 49. e6 Kd6 50. Ke4 Bd2 51. Kd3 Bf4 52. Bc3 Be5 53.
Bxe5+ fxe5 54. Ke4 a5 55. h4 g6 56. fxg6 Kxe6 57. g7 Kf7 58. g8=Q+ Kxg8 59. g5
hxg5 60. hxg5 c4 61. bxc4 bxc4 62. Ke3 Kg7 63. Kd2 Kg6 64. Kc3 Kxg5 0-1

[Event "XXVI Festival Conca della Presolana B"]
[Site "Bratto - Castione della Presolana ITA"]
[Date "2006.08.20"]
[Round "1"]
[White "Acunzo, Domenico"]
[Black "Scarpellini, Felice"]
[Result "1/2-1/2"]
[WhiteElo "1764"]
[BlackElo "1913"]
[PlyCount "61"]
[EventDate "2006.08.20"]

1. e4 d6 2. d4 g6 3. Nc3 Bg7 4. f4 c6 5. Nf3 Bg4 6. Be2 Nf6 7. e5 Nd5 8. Ne4
O-O 9. O-O Nc7 10. Nfg5 Bxe2 11. Qxe2 Nba6 12. c3 d5 13. Ng3 e6 14. Qg4 h6 15.
Nh3 c5 16. f5 exf5 17. Nxf5 h5 18. Qg3 Ne6 19. Nxg7 Kxg7 20. Be3 cxd4 21. cxd4
Nb4 22. Ng5 Nc2 23. Nxe6+ fxe6 24. Rxf8 Qxf8 25. Rf1 Qb4 26. a3 Qa5 27. b4 Qxa3
28. Bh6+ Kxh6 29. Qf4+ Kh7 30. Qf7+ Kh6 31. Qf4+ 1/2-1/2

[Event "XXVI Festival Conca della Presolana B"]
[Site "Bratto - Castione della Presolana ITA"]
[Date "2006.08.20"]
[Round "1"]
[White "Allegretti, Luigi"]
[Black "Bassis, Ivano"]
[Result "0-1"]
[WhiteElo "1981"]
[BlackElo "1820"]
[PlyCount "52"]
[EventDate "2006.08.20"]

1. d4 Nf6 2. Bf4 c5 3. e3 cxd4 4. exd4 d5 5. c3 Nc6 6. Bd3 g6 7. Nd2 Bg7 8.
Ngf3 O-O 9. O-O Nh5 10. Be3 Qc7 11. Re1 Re8 12. Qb3 Nf6 13. Bg5 e6 14. Bb5 Bd7
15. Bh4 Na5 16. Qa4 Bxb5 17. Qxb5 a6 18. Qd3 b5 19. Bg3 Qb6 20. b4 Nc6 21. Bd6
Nxd4 22. Be5 Nxf3+ 23. Qxf3 Nd7 24. Bg3 Rec8 25. Rac1 Rc6 26. Nb3 Rac8 0-1

[Event "XXVI Festival Conca della Presolana B"]
[Site "Bratto - Castione della Presolana ITA"]
[Date "2006.08.20"]
[Round "1"]
[White "Boffa, Mauro"]
[Black "Villa, Claudio"]
[Result "1/2-1/2"]
[WhiteElo "1900"]
[BlackElo "1753"]
[PlyCount "98"]
[EventDate "2006.08.20"]

1. d4 d5 2. c4 dxc4 3. e4 e5 4. Nf3 Nf6 5. Nxe5 Nxe4 6. Bxc4 Nd6 7. Qf3 Qf6 8.
Be2 Qxf3 9. Bxf3 Be7 10. Nc3 Nd7 11. Nd5 Bd8 12. b3 Nf6 13. O-O O-O 14. Ba3 Be6
15. Nf4 Be7 16. Nxe6 fxe6 17. Bxb7 Nxb7 18. Bxe7 Rfe8 19. Bxf6 gxf6 20. Nd7 Kf7
21. Nc5 Nd6 22. Rac1 Nb5 23. Rfd1 Rad8 24. Na6 Re7 25. Kf1 Rd6 26. Nb4 Nxd4 27.
Rxd4 Rxd4 28. Nc6 Rdd7 29. Nxe7 Kxe7 30. Ke2 Kd8 31. Rc4 Rd5 32. Re4 Kd7 33.
Rh4 h5 34. g4 hxg4 35. Rxg4 Rh5 36. h4 Kc6 37. Rc4+ Kb6 38. Kf3 f5 39. Kg3 c5
40. b4 cxb4 41. Rxb4+ Kc5 42. Rb7 a5 43. a4 Kd4 44. f4 e5 45. fxe5 Kxe5 46.
Rb5+ Ke4 47. Kh3 Rh6 48. Rxa5 f4 49. Ra8 f3 1/2-1/2

[Event "XXVI Festival Conca della Presolana B"]
[Site "Bratto - Castione della Presolana ITA"]
[Date "2006.08.20"]
[Round "1"]
[White "Bonotto, Giorgio"]
[Black "Pesce, Leandro"]
[Result "1/2-1/2"]
[WhiteElo "1918"]
[BlackElo "1767"]
[PlyCount "75"]
[EventDate "2006.08.20"]

1. e4 c5 2. Nf3 Nc6 3. d4 cxd4 4. Nxd4 e5 5. Nb5 d6 6. N1c3 a6 7. Na3 Nf6 8.
Bg5 Be7 9. Bxf6 gxf6 10. Nd5 b5 11. Qd2 Be6 12. f4 exf4 13. Nxe7 Kxe7 14. Be2
Qb6 15. Qxf4 Qd4 16. Rd1 Qe5 17. O-O h5 18. Kh1 Qxf4 19. Rxf4 Ne5 20. Nb1 Rac8
21. c3 Bxa2 22. Nd2 Be6 23. Nf3 Ng6 24. g3 Nxf4 25. gxf4 Bg4 26. Nd4 Be6 27.
Kg2 Rhg8+ 28. Kf2 Bg4 29. Nf3 Bxf3 30. Bxf3 b4 31. Ra1 bxc3 32. bxc3 Rxc3 33.
Rxa6 Rc7 34. Bxh5 Rh8 35. Ra5 Rb8 36. Ra4 Rcb7 37. Kf3 Rc7 38. h4 {...} 1/2-1/2

[Event "XXVI Festival Conca della Presolana B"]
[Site "Bratto - Castione della Presolana ITA"]
[Date "2006.08.20"]
[Round "1"]
[White "Brunelli, Giovanni"]
[Black "Ferrarese, Giacomo"]
[Result "1/2-1/2"]
[WhiteElo "1882"]
[BlackElo "1721"]
[PlyCount "98"]
[EventDate "2006.08.20"]

1. e4 c5 2. Nf3 d6 3. d4 cxd4 4. Nxd4 Nf6 5. Nc3 g6 6. Be2 Nc6 7. Be3 Bg7 8.
O-O O-O 9. h3 Nxd4 10. Bxd4 e5 11. Be3 a6 12. Qd2 Qc7 13. Bh6 b5 14. Bxg7 Kxg7
15. a3 Be6 16. f4 Qc5+ 17. Kh1 Qd4 18. Bd3 Bc4 19. f5 d5 20. fxg6 fxg6 21. Qg5
dxe4 22. Bxc4 Qxc4 23. Rae1 Rae8 24. Rf2 h6 25. Qe3 Qd4 26. Rfe2 Rf7 27. Nxe4
Nxe4 28. Qxe4 Qxe4 29. Rxe4 Rfe7 30. c3 Kf6 31. a4 Rb7 32. axb5 Rxb5 33. b4 a5
34. bxa5 Rxa5 35. g4 Ra3 36. R1e3 Rc8 37. Rf3+ Ke6 38. Ree3 Rc4 39. Kg2 e4 40.
Rf4 Ke5 41. Rf8 Raxc3 42. Re8+ Kf4 43. Re2 e3 44. Rf8+ Kg5 45. Rf3 Re4 46. Kg3
h5 47. h4+ Kh6 48. g5+ Kg7 49. Rf4 49... Re7 {...} 1/2-1/2

[Event "XXVI Festival Conca della Presolana B"]
[Site "Bratto - Castione della Presolana ITA"]
[Date "2006.08.20"]
[Round "1"]
[White "Cambieri, Mario"]
[Black "Caputi, Giuliano"]
[Result "1-0"]
[WhiteElo "1814"]
[BlackElo "1945"]
[PlyCount "81"]
[EventDate "2006.08.20"]

1. c4 c5 2. Nf3 Nc6 3. Nc3 Nf6 4. g3 d6 5. Bg2 g6 6. O-O Bg7 7. d4 cxd4 8. Nxd4
Nxd4 9. Qxd4 O-O 10. e4 Be6 11. Qd3 Qc8 12. Nd5 Re8 13. Rb1 Bh3 14. Bg5 Bxg2
15. Kxg2 Nxd5 16. Qxd5 b6 17. b3 Qa6 18. Bxe7 Qxa2 19. Qxd6 Qc2 20. Qd5 Rac8
21. Rfc1 Qa2 22. Bg5 Re5 23. Qd2 Qxd2 24. Bxd2 Rxe4 25. Be3 Bd4 26. Kf3 Rce8
27. Bxd4 Rxd4 28. Rd1 Red8 29. Rxd4 Rxd4 30. Ke3 Rd7 31. b4 Kf8 32. c5 bxc5 33.
bxc5 Ke7 34. Ra1 h5 35. Ra2 f6 36. Ke4 Rc7 37. Kd5 g5 38. c6 Kd8 39. Kd6 h4 40.
Rb2 hxg3 41. Rb8+ 1-0

[Event "XXVI Festival Conca della Presolana B"]
[Site "Bratto - Castione della Presolana ITA"]
[Date "2006.08.20"]
[Round "1"]
[White "Di Chiara, Mauro"]
[Black "Bettini, Massimo"]
[Result "1/2-1/2"]
[WhiteElo "1721"]
[BlackElo "1887"]
[PlyCount "64"]
[EventDate "2006.08.20"]

1. d4 Nf6 2. Nf3 d5 3. e3 c5 4. c3 e6 5. Bd3 b6 6. Nbd2 Ba6 7. Ne5 Bxd3 8. Nxd3
Nbd7 9. O-O Bd6 10. f4 O-O 11. Ne5 Ne4 12. Nxe4 dxe4 13. Nxd7 Qxd7 14. dxc5
bxc5 15. c4 Rad8 16. b3 f5 17. Bb2 Qf7 18. Qe2 Be7 19. Rad1 Bf6 20. Bxf6 Qxf6
21. Rxd8 Rxd8 22. Rd1 Rd3 23. Rxd3 exd3 24. Qxd3 Qa1+ 25. Kf2 Qxa2+ 26. Kf3 Qa1
27. Qd8+ Kf7 28. Qc7+ Kg6 29. Qxc5 Qf1+ 30. Kg3 Qe1+ 31. Kf3 Qf1+ 32. Kg3 Qe1+
1/2-1/2

[Event "XXVI Festival Conca della Presolana B"]
[Site "Bratto - Castione della Presolana ITA"]
[Date "2006.08.20"]
[Round "1"]
[White "Fizzotti, Mario"]
[Black "Gallavotti, Eugenio"]
[Result "1/2-1/2"]
[WhiteElo "1868"]
[BlackElo "1705"]
[PlyCount "85"]
[EventDate "2006.08.20"]

1. c4 c5 2. Nc3 Nf6 3. g3 d5 4. cxd5 Nxd5 5. Bg2 Nxc3 6. bxc3 Nc6 7. Rb1 Qc7 8.
Nh3 Bg4 9. O-O Qd7 10. Nf4 e5 11. Nd5 Be6 12. Qb3 b6 13. c4 Nd4 14. Qd1 Rd8 15.
d3 Bg4 16. Rb2 Be7 17. f4 Bd6 18. fxe5 Bxe5 19. Bf4 Bxf4 20. Rxf4 O-O 21. Qf1
Rde8 22. e4 f5 23. Rbf2 Ne6 24. exf5 Nxf4 25. Nxf4 Bxf5 26. Bd5+ Kh8 27. Ne6
Rxe6 28. Bxe6 Qxe6 29. g4 Qe3 30. Kg2 Qxf2+ 31. Qxf2 Be4+ 32. dxe4 Rxf2+ 33.
Kxf2 g5 34. Kf3 Kg7 35. e5 Kf7 36. a3 Ke6 37. Ke4 a6 38. a4 h6 39. h3 a5 40.
Kf3 Kxe5 41. Ke3 Kd6 42. Kf3 Ke5 43. Ke3 1/2-1/2

[Event "XXVI Festival Conca della Presolana B"]
[Site "Bratto - Castione della Presolana ITA"]
[Date "2006.08.20"]
[Round "1"]
[White "Franzini, Stefano"]
[Black "Colombo, Sandro"]
[Result "1/2-1/2"]
[WhiteElo "1700"]
[BlackElo "1864"]
[PlyCount "42"]
[EventDate "2006.08.20"]

1. d4 d5 2. Nf3 c5 3. Bg5 Nc6 4. e3 Bf5 5. Bd3 Bxd3 6. Qxd3 Qa5+ 7. c3 e6 8.
O-O Be7 9. Nbd2 c4 10. Qc2 Nf6 11. Bxf6 Bxf6 12. e4 e5 13. Rfe1 O-O 14. exd5
Qxd5 15. dxe5 Nxe5 16. Nxe5 Bxe5 17. Nxc4 Bxh2+ 18. Kxh2 Qxc4 19. Re4 Qc6 20.
Rd1 Rad8 21. Rde1 Rfe8 1/2-1/2

[Event "XXVI Festival Conca della Presolana B"]
[Site "Bratto - Castione della Presolana ITA"]
[Date "2006.08.20"]
[Round "1"]
[White "Galasso, Daniele"]
[Black "Simone, Marco"]
[Result "1/2-1/2"]
[WhiteElo "1721"]
[BlackElo "1880"]
[PlyCount "99"]
[EventDate "2006.08.20"]

1. c4 e5 2. Nc3 d6 3. g3 f5 4. Bg2 c6 5. e4 Nf6 6. Nge2 Be7 7. d4 exd4 8. Nxd4
fxe4 9. Nxe4 O-O 10. O-O Ng4 11. Bf4 Ne5 12. Bxe5 dxe5 13. Nf3 Qxd1 14. Raxd1
Bg4 15. Rd3 Nd7 16. h3 Bf5 17. Re3 Rae8 18. Nfd2 Bb4 19. Rd1 Nf6 20. Nxf6+ gxf6
21. Ne4 Re7 22. a3 Ba5 23. b4 Bc7 24. c5 Bxe4 25. Bxe4 f5 26. Bc2 Kf7 27. Red3
Kf6 28. Bb3 e4 29. Rd7 Rfe8 30. Kg2 Be5 31. a4 Rxd7 32. Rxd7 Re7 33. Rxe7 Kxe7
34. f4 Bc3 35. b5 Bb4 36. bxc6 bxc6 37. g4 fxg4 38. hxg4 Bxc5 39. Bc2 e3 40.
Kf3 h6 41. Be4 Kd6 42. f5 Bd4 43. f6 Bxf6 44. Kxe3 Bg5+ 45. Kd3 c5 46. Kc4 Ke5
47. Bc6 Be3 48. Bd7 Kf4 49. Be6 Bd4 50. Bd7 1/2-1/2

[Event "XXVI Festival Conca della Presolana B"]
[Site "Bratto - Castione della Presolana ITA"]
[Date "2006.08.20"]
[Round "1"]
[White "Lanni, Vincenzo"]
[Black "Roversi, Stefano"]
[Result "0-1"]
[WhiteElo "1697"]
[BlackElo "1857"]
[PlyCount "54"]
[EventDate "2006.08.20"]

1. d4 Nf6 2. g3 g6 3. Bg2 Bg7 4. Nf3 O-O 5. O-O d5 6. c3 Nbd7 7. Nbd2 c5 8. Qc2
cxd4 9. Nxd4 e5 10. N4b3 Qc7 11. e4 d4 12. Qd3 dxc3 13. Qxc3 Qxc3 14. bxc3 Nb6
15. Ba3 Rd8 16. Rfd1 Na4 17. Nc4 Be6 18. Nd6 Nxc3 19. Rd2 Bf8 20. Na5 Nb5 21.
Nxb5 Rxd2 22. Bxf8 Kxf8 23. Nxb7 Rc8 24. f3 Rcc2 25. Bf1 Rxh2 26. a4 Nh5 27.
Rc1 Rxc1 0-1

[Event "XXVI Festival Conca della Presolana B"]
[Site "Bratto - Castione della Presolana ITA"]
[Date "2006.08.20"]
[Round "1"]
[White "Madiai, Federico"]
[Black "Bolognesi, Alberto"]
[Result "1-0"]
[WhiteElo "1756"]
[BlackElo "1900"]
[PlyCount "53"]
[EventDate "2006.08.20"]

1. d4 Nf6 2. Nf3 g6 3. Nc3 d5 4. Bf4 Nh5 5. Qd2 Nxf4 6. Qxf4 Bg7 7. e4 dxe4 8.
Nxe4 O-O 9. O-O-O Qd5 10. Kb1 Nc6 11. Nc3 Qa5 12. Bc4 e5 13. dxe5 Nxe5 14. Rd5
Qb6 15. Nxe5 Be6 16. Rb5 Qd6 17. Rd1 Qe7 18. Bxe6 fxe6 19. Qe3 Rad8 20. Rxd8
Rxd8 21. Rxb7 Qd6 22. Nd3 e5 23. Ne4 Qc6 24. Rb3 h6 25. f3 Bf8 26. Qxa7 Kg7 27.
Rc3 1-0

[Event "XXVI Festival Conca della Presolana B"]
[Site "Bratto - Castione della Presolana ITA"]
[Date "2006.08.20"]
[Round "1"]
[White "Morandi, Daniele"]
[Black "Celli, Ugo"]
[Result "0-1"]
[WhiteElo "1895"]
[BlackElo "1733"]
[PlyCount "82"]
[EventDate "2006.08.20"]

1. e4 d6 2. d4 e5 3. dxe5 dxe5 4. Qxd8+ Kxd8 5. Nf3 f6 6. Nc3 Be6 7. Be3 c6 8.
O-O-O+ Kc7 9. Nh4 Nd7 10. f4 Bd6 11. f5 Bf7 12. a4 a5 13. g4 g5 14. fxg6 hxg6
15. Nf3 Be6 16. g5 Bg4 17. Bg2 Bh3 18. Rhg1 f5 19. Bxh3 Rxh3 20. Rg3 Rh5 21.
Rg2 Ne7 22. Rgd2 Nc8 23. exf5 gxf5 24. g6 Rh3 25. Ng5 Rxe3 26. g7 Nf6 27. h4 e4
28. h5 Rg3 29. Ne6+ Kd7 30. Nf8+ Ke7 31. Ng6+ Rxg6 32. hxg6 Bf4 33. Rh1 Nd6 34.
Rh8 Rg8 35. Rxg8 Nxg8 36. Ne2 Bxd2+ 37. Kxd2 Kf6 38. Nf4 Kxg7 39. Ke3 Nc4+ 40.
Kd4 Nxb2 41. Ke5 Ne7 0-1

[Event "XXVI Festival Conca della Presolana B"]
[Site "Bratto - Castione della Presolana ITA"]
[Date "2006.08.20"]
[Round "1"]
[White "Nardone, Massimo"]
[Black "Longo, Pietro"]
[Result "1-0"]
[WhiteElo "1902"]
[BlackElo "1757"]
[PlyCount "69"]
[EventDate "2006.08.20"]

1. Nf3 Nf6 2. g3 g6 3. Bg2 Bg7 4. O-O O-O 5. d3 d6 6. e4 e5 7. Ne1 c6 8. c3 Be6
9. Bg5 h6 10. Bxf6 Qxf6 11. f4 exf4 12. gxf4 Qh4 13. f5 gxf5 14. exf5 Bd7 15.
Nd2 d5 16. d4 Bf6 17. Rf3 Kh7 18. Nd3 Na6 19. Rg3 Bxd4+ 20. cxd4 Qxd4+ 21. Kh1
Bxf5 22. Nb3 Qh4 23. Qf1 Be4 24. Kg1 f5 25. Nd4 Bxg2 26. Qf2 Qe4 27. Re1 f4 28.
Rxe4 fxg3 29. Re7+ Kh8 30. Qxg2 gxh2+ 31. Qxh2 Rg8+ 32. Kf1 Raf8+ 33. Ke1 Rg6
34. Qe5+ Kg8 35. Nf5 1-0